<?xml version="1.0" encoding="UTF-8"?><?xml-stylesheet type="text/xsl" href="static/style.xsl"?><OAI-PMH xmlns="http://www.openarchives.org/OAI/2.0/" xmlns:xsi="http://www.w3.org/2001/XMLSchema-instance" xsi:schemaLocation="http://www.openarchives.org/OAI/2.0/ http://www.openarchives.org/OAI/2.0/OAI-PMH.xsd"><responseDate>2026-06-02T21:39:05Z</responseDate><request verb="GetRecord" identifier="oai:riuma.uma.es:10630/28158" metadataPrefix="marc">https://riuma.uma.es/rest/oai/request</request><GetRecord><record><header><identifier>oai:riuma.uma.es:10630/28158</identifier><datestamp>2026-02-03T12:04:46Z</datestamp><setSpec>com_10630_2254</setSpec><setSpec>col_10630_37959</setSpec></header><metadata><record xmlns="http://www.loc.gov/MARC21/slim" xmlns:dcterms="http://purl.org/dc/terms/" xmlns:doc="http://www.lyncode.com/xoai" xmlns:xsi="http://www.w3.org/2001/XMLSchema-instance" xsi:schemaLocation="http://www.loc.gov/MARC21/slim http://www.loc.gov/standards/marcxml/schema/MARC21slim.xsd">
   <leader>00925njm 22002777a 4500</leader>
   <datafield ind2=" " ind1=" " tag="042">
      <subfield code="a">dc</subfield>
   </datafield>
   <datafield ind2=" " ind1=" " tag="720">
      <subfield code="a">Ventura-Blanch, Ferrán</subfield>
      <subfield code="e">author</subfield>
   </datafield>
   <datafield ind2=" " ind1=" " tag="720">
      <subfield code="a">Pérez-del-Pulgar-Mancebo, Fernando</subfield>
      <subfield code="e">author</subfield>
   </datafield>
   <datafield ind2=" " ind1=" " tag="720">
      <subfield code="a">Álvarez-Gil, Antonio</subfield>
      <subfield code="e">author</subfield>
   </datafield>
   <datafield ind2=" " ind1=" " tag="260">
      <subfield code="c">2023</subfield>
   </datafield>
   <datafield ind2=" " ind1=" " tag="520">
      <subfield code="a">Esta comunicación se centra en la exposición metodología docente vinculada a la&#xd;
experiencia arquitectónica en la ciudad. Arquitectura efímera de la Noche en blanco,&#xd;
ejercicio proyectual en tercer curso del Grado en Fundamentos de Arquitectura de&#xd;
la E.T.S. Arquitectura de Málaga se plantea desde el diseño a la ejecución con sus&#xd;
propias manos. Convivencia entre la docencia proyectual tradicional con la&#xd;
experiencia práctica en la ciudad a modo de construcciones efímeras. Desde el año&#xd;
2009 se viene realizando esta experiencia de gran enriquecimiento para el&#xd;
estudiantado y el profesorado. La introducción de la práctica en el proceso de&#xd;
formación, no como una receta predefinida donde el tránsito del alumnado es&#xd;
previsible y los resultados ciertos, sino como un proceso donde el estudiantado&#xd;
genera su propia planificación, se convierte en responsable de su construcción y es&#xd;
el encargado de presentarlo en sociedad.</subfield>
   </datafield>
   <datafield ind1="8" ind2=" " tag="024">
      <subfield code="a">https://hdl.handle.net/10630/28158</subfield>
   </datafield>
   <datafield tag="653" ind2=" " ind1=" ">
      <subfield code="a">Animación socio-cultural - Málaga</subfield>
   </datafield>
   <datafield tag="653" ind2=" " ind1=" ">
      <subfield code="a">Arquitectura - Estudio y enseñanza superior - Innovaciones</subfield>
   </datafield>
   <datafield ind2="0" ind1="0" tag="245">
      <subfield code="a">Arquitectura efímera desde la docencia del proyecto: la construcción del proyecto en la ciudad.</subfield>
   </datafield>
</record>
</metadata></record></GetRecord></OAI-PMH>